00568 2200217 4500001002100000005001500021008004100036020002100077035001900098041000700117082001400124090001400138100001700152245001800169250001500187260004100202300002800243650002100271990002900292990002900321INLIS00000000003207720241224133339241224||||||||| | ||| |||| || |  a978-6230-049-613 0010-1224032077 aid0 a000 CHO w a000 CHO w0 aYoungsun CHO00aWhy? Komputer aEdisi Baru aJakartabElex Media Kompotindoc2023 a159 halaman, 24cm 18 cm 0aBelajar Komputer a1.3.5.01.001.007.002.001 a1.3.5.01.001.007.002.002